00570nam a2200181Ia 4500008004000000020001500040082001300055100003200068245005700100250000500157260003800162300001200200650002000212690001100232906001100243999001700254952011700271210210b1984 xxu||||| |||| 00| 0 eng d a0471805130 a581 ROSB aROST (Thomas L) and others. aBotany: a brief introduction to plant biology. Ed 2. a aN YorkbJohn Wiley and Sonsc1984 axi,I-20 aPlant Biology  aBotany a043858 c93263d93263 001040708BiologyaALbALcBiologyd2021-02-17g0.00l0o581 ROSBp043858r2021-02-17 00:00:00w2021-02-17yBK